000 00539nam a2200217Ia 4500
003 OSt
005 20220918231204.0
006 a|||||r|||| 00| 0
007 ta
008 220917b |||||||| |||| 00| 0 eng d
024 _a266,699
037 _cTextual
040 _aARTS
_cARTS
_benu
041 _2enu
_aenu
082 _aO111,3M59,17, 168N21
245 0 _aHikayat e Sherlok Homes
260 _c1921
650 _aENGLISH LITERATURE
942 _hO111,3M59,17, 168N21
_cTEXL
_2CC
999 _c290139
_d290139